Učitavanje...
Economics, marketing and sales of agricultural products
| Glavni autor: | |
|---|---|
| Format: | Printed Book |
| Jezik: | Undetermined English |
| Izdano: |
New Delhi
New India publishing
2013
|
| Teme: |
| LEADER | 00777nam a2200193Ia 4500 | ||
|---|---|---|---|
| 008 | 140306s9999 xx 000 0 und d | ||
| 020 | |a 9789381450659 | ||
| 041 | |a eng | ||
| 082 | |a 632.2 |b THA/EC | ||
| 100 | |a Thakur, Shailendra Nath | ||
| 245 | |a Economics, marketing and sales of agricultural products | ||
| 260 | |a New Delhi |b New India publishing |c 2013 | ||
| 300 | |a 341 | ||
| 365 | |b Rs-1280/- | ||
| 650 | |a Agricultural | ||
| 942 | |2 ddc |c BK | ||
| 999 | |c 124137 |d 124137 | ||
| 952 | |0 0 |1 0 |2 ddc |4 0 |6 632_200000000000000_THAEC |7 0 |9 124095 |a KAUHCV |b KAUHCV |d 2013-12-10 |g 1280.00 |o 632.2 THA/EC |p KAU_HCV-30881 |r 2014-03-22 |w 2014-03-22 |y BK | ||
| 952 | |0 0 |1 0 |2 ddc |4 0 |6 632_200000000000000_THAEC |7 0 |9 124096 |a KAUHCV |b KAUHCV |d 2013-12-10 |g 1280.00 |o 632.2 THA/EC |p KAU_HCV-30882 |r 2014-03-22 |w 2014-03-22 |y BK | ||